|
|
|
|
| LEADER |
00000naa0a2200000 4500 |
| 001 |
599860 |
| 005 |
20250724091805.0 |
| 035 |
|
|
|a (RuTPU)RU\TPU\tpu\24013
|
| 035 |
|
|
|a RU\TPU\tpu\23999
|
| 090 |
|
|
|a 599860
|
| 100 |
|
|
|a 20131123d2009 k y0rusy50 ca
|
| 101 |
0 |
|
|a rus
|
| 102 |
|
|
|a RU
|
| 200 |
1 |
|
|a Методика проектной деятельности студентов при обучении физике в техническом университете
|f Е. В. Лисичко
|
| 320 |
|
|
|a Библиогр.: с. 105 (2 назв.)
|
| 333 |
|
|
|a В фонде НТБ ТПУ отсутствует
|
| 461 |
|
|
|t Современные проблемы теории и методики обучения физике, информатике и математике
|o материалы международной научно-практической конференции 1-2 апреля, 2009 г., г. Екатеринбург, Россия
|d 2009
|
| 463 |
|
|
|t Ч. 1
|v С. 102-105
|d 2009
|
| 610 |
1 |
|
|a труды учёных ТПУ
|
| 700 |
|
1 |
|a Лисичко
|b Е. В.
|c физик
|c доцент Томского политехнического университета, кандидат педагогических наук
|f 1972-
|g Елена Владимировна
|3 (RuTPU)RU\TPU\pers\28369
|9 13260
|
| 801 |
|
1 |
|a RU
|b 63413507
|c 20131102
|
| 801 |
|
2 |
|a RU
|b 63413507
|c 20131123
|g RCR
|
| 850 |
|
|
|a 63413507
|
| 942 |
|
|
|c BK
|